Interkultúrna komunikácia v ruskom jazyku a učebné pomôcky na VŠ nefilologického smeru
Záujem o ruský jazyk v čase globalizácie. Vytváranie učebníc a učebných pomôcok. Organizovanie kurzov ruského jazyka. Výučba cudzích jazykov.
Uložené v:
| Hlavný autor: | |
|---|---|
| Médium: | Kapitola |
| Jazyk: | Slovak |
| Predmet: | |
| Tagy: |
Žiadne tagy, Buďte prvý, kto otaguje tento záznam!
|
MARC
| LEADER | 00000naa$a2200000$$$4500 | ||
|---|---|---|---|
| 001 | 0060499 | ||
| 005 | 20240502083143.5 | ||
| 041 | 0 | |a slo | |
| 044 | |a CZ | ||
| 245 | 1 | 0 | |a Interkultúrna komunikácia v ruskom jazyku a učebné pomôcky na VŠ nefilologického smeru |c Irena Košírelová |
| 520 | |a Záujem o ruský jazyk v čase globalizácie. Vytváranie učebníc a učebných pomôcok. Organizovanie kurzov ruského jazyka. Výučba cudzích jazykov. | ||
| 610 | 2 | 0 | |a vyučovanie |
| 610 | 2 | 0 | |a jazyky cudzie |
| 610 | 2 | 0 | |a ruština |
| 610 | 2 | 0 | |a študenti |
| 100 | 1 | |a Košírelová, Irena | |